ARRUPE JESUIT UNIVERSITY

CORONAVIRUS -STOP THE SPREAD - CLEAN,DISINFECT,COVER

The scientific approach (Record no. 43333)

MARC details
000 -LEADER
fixed length control field 00507nam a2200205Ia 4500
003 - CONTROL NUMBER IDENTIFIER
control field 0100
008 - FIXED-LENGTH DATA ELEMENTS--GENERAL INFORMATION
fixed length control field 130303s9999 xx 000 0 und d
040 ## - CATALOGING SOURCE
Transcribing agency ARRUPELIB
050 ## - LIBRARY OF CONGRESS CALL NUMBER
Classification number Q175.L28 1967
300 ## - PHYSICAL DESCRIPTION
Other physical details 257 p. ill. 22 cm
100 ## - MAIN ENTRY--PERSONAL NAME
Personal name Lastrucci, Carlo L
245 #4 - TITLE STATEMENT
Title The scientific approach
245 ## - TITLE STATEMENT
Remainder of title basic principles of the scientific method
260 ## - PUBLICATION, DISTRIBUTION, ETC. (IMPRINT)
Place of publication, distribution, etc Cambridge
260 ## - PUBLICATION, DISTRIBUTION, ETC. (IMPRINT)
Name of publisher, distributor, etc Schenkman Pub. Co.
260 ## - PUBLICATION, DISTRIBUTION, ETC. (IMPRINT)
-- 1963
300 ## - PHYSICAL DESCRIPTION
Extent xi
700 ## - ADDED ENTRY--PERSONAL NAME
Personal name Carlo L. Lastrucci
942 00 - ADDED ENTRY ELEMENTS (KOHA)
Koha issues (borrowed), all copies 1
Holdings
Withdrawn status Lost status Source of classification or shelving scheme Damaged status Not for loan Collection code Home library Current library Shelving location Date acquired Total Checkouts Full call number Barcode Date last seen Date checked out Copy number Price effective from Koha item type
    Library of Congress Classification     Main Collection ARRUPE LIBRARY ARRUPE LIBRARY   04/03/2013 4 Q175.L28 1967 46003069108 03/07/2019 21/12/2015 1 04/03/2013 Monograph ( Printed materials)

 

Arrupe Library. PO Box MP320 Mt Pleasant, Harare, Zimbabwe
263 242 745411|librarian@aju.ac.zw